Análisis y predicción de la oferta y de la demanda de manzana en Argentina /

Guardado en:
Autor Principal: Caplán, Guillermo M.
Otros Autores: Corradini, Eugenio F.
Formato: Libro
Idioma:Spanish
Publicado: Buenos Aires : Asociación productores de frutas argentinas, 1970.
Series:Reproducción 19/70
Etiquetas: Agregar Etiqueta
Sin Etiquetas, Sea el primero en etiquetar este registro!
LEADER 00609nam a22001695a 4500
001 EUN.um045541
003 AR-BaUNS
005 20050623122914.0
008 041125s1970####ag############000#0#spa#d
245 1 0 |a Análisis y predicción de la oferta y de la demanda de manzana en Argentina /  |c Guillermo M. Caplán, Eugenio F. Corradini. 
260 |a Buenos Aires :  |b Asociación productores de frutas argentinas,  |c 1970. 
300 |a 36 p. 
490 0 |a Reproducción 19/70 
100 1 |a Caplán, Guillermo M. 
700 1 |a Corradini, Eugenio F. 
082 0 4 |a 634.1 
859 |a Ar-BaUNS  |b BIB. CENTRAL - Sector C  |h 634.1  |i C172  |p 74706/976